01209nam a22002775i 450000100060000000300090000600500170001500700030003200800410003502000180007608000230009410000310011724501840014826000640033230000210039649000250041750001280044250000140057065000510058470000360063571000660067183000330073785200220077099900170079295201220080911720ES-MaACL20250730050650.0t|941103s1994 sp |||| | spa j a84-7846-238-4 a9(=924:460)"13/15"1 aNetanyahu, Benzion.98541714aLos marranos españoles b: desde fines del siglo XIV a principios del XVI según las fuentes hebreas de la época / cBenzion Netanyahu ; traducción, Ciriaco Morón Arroyo. a[Valladolid] : bConsejería de Cultura y Turismo, c1994. a242 p ; c25 cm.1 aEstudios de historia a"Traducido de la primera edición con las adiciones de la segunda y pequeñas correcciones para esta versión"--V. port. aÍndice.17aJudeoconversos-zEspaña-vHistoria291581671 aMorón Arroyo, Ciriaco.9836411 aCastilla y León. bConsejería de Cultura y Turismo.924990 aEstudios de historia9179197 aES-MaACLjL-19089 c11720d11720 00104070aATENEOMbATENEOMcDEPO2d2008-01-17eSCl0oL-19089p1011945r2023-02-23 00:00:00w2023-02-23yMONOGRAFIA